000 00914nam a2200277 a 4500
008
020 _a9780521834971 (hardback)
040 _aNUST
_cNUST
049 _aMAIN
090 _aPE1361
_bRAD
100 1 _aRadford, Andrew.,
_aauthor.
245 1 0 _aMinimalist syntax :
_bexploring the structure of English/
_c Andrew Radford.
260 _aCambridge :
_bCambridge University Press,
_c2004.
300 _axiii, 512 pages :
_billustrations ;
_c25 cm.
336 _atext
_btxt
_2rdacontent
337 _aunmediated
_bn
_2rdamedia
338 _avolume
_bnc
_2rdacarrier
500 _aIncludes index.
504 _aIncludes bibliographical references.
650 1 _aEnglish language
_xsyntax.
650 _aGrammar, comperative and general
_xsyntax.
907 _a.b10401313
_b26-04-21
_c26-04-21
003
005 20230123141152.0
942 _cBOOKS
_kPE1361
_mRAD
999 _c168862
_d168862